Risk manažment - aktívne ovplyvňovanie rizikovej pozície podniku

Na minha lista:
Detalhes bibliográficos
Autor principal: Markovič, Peter, 1974-
Formato: Capítulo de Livro
Idioma:eslovaco
Tags: Adicionar Tag
Sem tags, seja o primeiro a adicionar uma tag!

MARC

LEADER 00000naa$a2200000$$$4500
001 0144574
005 20240502072607.4
041 0 |a slo 
044 |a SK 
245 1 0 |a Risk manažment - aktívne ovplyvňovanie rizikovej pozície podniku  |c Peter Markovič 
100 1 |a Markovič, Peter, 1974-